| 000 | 004850000a22001690004500 | ||
|---|---|---|---|
| 003 | MACL | ||
| 005 | 20150726164541.0 | ||
| 008 | 150726b xxu||||| |||| 00| 0 eng d | ||
| 040 |
_aMACL _cMACL |
||
| 041 | _aEnglish | ||
| 082 | _a330/MEH | ||
| 100 |
_aMehrotra, Santosh _92679 |
||
| 245 |
_aEliminating Human Poverty _bMacroeconomic and Social Policies for Equitable Growth |
||
| 260 |
_bOrient Longmans Ltd _c2007 _aHyderabad |
||
| 650 |
_aEconomics _92680 |
||
| 942 |
_cBK _k330/MEH _2ddc |
||
| 999 |
_c42839 _d42839 |
||